000 00464nam a2200181Ia 4500
001 2475
005 20260306144810.0
008 260306t2010||||xx |||||||||||||| ||spa||
041 _aESP
082 _a616.891
_bF81A
100 _aFrankl, Viktor E.
_eAUT
245 0 _aAnte el vacío existencial:
_bhacia una herramienta de la psicoterapia
260 _c2010
300 _a152 páginas :
_c22 cm.
650 _aGEN
654 _aCPS
942 _cLIB
_dJUS
_fJUS
_2ddc
_n
999 _c2475
_d2475